Čo priniesla novela zákona o minimálnej mzde

S účinnosťou od 1. januára 2000 schválila Národná rada SR novelu zákona č. 90/1996 Z.z. o minimálnej mzde. Upozornenie na niektoré zmeny a skutočnosti, ktoré priniesla novela zákona o minimálnej mzde.

Enregistré dans:
Détails bibliographiques
Auteur principal: Kováčiková, Eva
Format: Chapitre de livre
Langue:slovaque
Sujets:
Tags: Ajouter un tag
Pas de tags, Soyez le premier à ajouter un tag!

MARC

LEADER 00000naa a2200000 4500
001 r037161
005 20230919090553.7
041 0 |a slo 
044 |a SK 
245 1 0 |a Čo priniesla novela zákona o minimálnej mzde  |c Eva Kováčiková 
520 |a S účinnosťou od 1. januára 2000 schválila Národná rada SR novelu zákona č. 90/1996 Z.z. o minimálnej mzde. Upozornenie na niektoré zmeny a skutočnosti, ktoré priniesla novela zákona o minimálnej mzde. 
610 2 0 |a mzdy minimálne 
610 2 0 |a minimum existenčné 
610 2 0 |a novelizácia 
610 2 0 |a Slovensko 
610 2 0 |a komentáre 
610 2 0 |a január 
610 2 0 |a 2000 
100 1 |a Kováčiková, Eva